000 00661nam a22002417a 4500
003 OSt
005 20140310181929.0
008 130722t xxu||||| |||| 00| 0 eng d
020 _a0835946681
050 _aPE 1408
_b.P887 1996
082 _aTRE 808.02
_bMo85 1996
100 _aMoscowitz, Mark
_92611
245 _aPower writing :
_bTeacher's guide /
_cedited by Mark Moscowitz.
300 _a45 p.,
_c27.5 cm.
521 _aFaculty
541 _j1
562 _e1
650 _2 Anthorship--Handbooks ,manuals
650 _2Journalism
650 _2English language ,Grammar
650 _2Report writing
942 _2lcc
_cBK-TR
_kTRE
999 _c7304
_d7304